Základy výsledné kalkulace v průmyslových podnicích : určeno pro posluchače fakulty financí a úvěru /
Uložené v:
| Hlavní autori: | , , |
|---|---|
| Médium: | Kniha |
| Jazyk: | Czech |
| Vydané: |
Praha :
Státní pedagogické nakladatelství,
1956.
|
| Vydanie: | 1. vydání |
| Edícia: | Učební texty vysokých škol
|
| Fyzický popis: |
217 strán. |
| Tagy: |
Pridať tag
Žiadne tagy, Buďte prvý kto otaguje tento záznam!
|
Titul je dostupný aj v ... 

MARC
| LEADER | 00000nam a22000001 4500 | ||
|---|---|---|---|
| 001 | 000195310 | ||
| 005 | 20230317074348.0 | ||
| 008 | 981121s1956 xr e cze d | ||
| 020 | |c Kčs 9,84 |q (brožované) | ||
| 040 | |a SVKKK |b slo |c SVKKK |e rda | ||
| 041 | 0 | |a cze | |
| 044 | |a xr |c CZ | ||
| 100 | 1 | |a Schroll, Rudolf, |d 1921-1998 |4 aut | |
| 245 | 1 | 0 | |a Základy výsledné kalkulace v průmyslových podnicích : |b určeno pro posluchače fakulty financí a úvěru / |c Rudolf Schroll, Jaromír Báča, Jiří Janout. |
| 250 | |a 1. vydání | ||
| 264 | 1 | |a Praha : |b Státní pedagogické nakladatelství, |c 1956. | |
| 300 | |a 217 strán. | ||
| 336 | |a text |b txt |2 rdacontent | ||
| 337 | |a bez média |b n |2 rdamedia | ||
| 338 | |a zväzok |b nc |2 rdacarrier | ||
| 366 | |e 380 výt. | ||
| 490 | 1 | |a Učební texty vysokých škol | |
| 500 | |a Pozn. | ||
| 700 | 1 | |a Janout, Jiří, |d 1927-2001 |4 aut | |
| 700 | 1 | |a Báča, Jaromír, |d 1928-1999 |4 aut | |
| 810 | 2 | |a Vysoká škola ekonomická v Praze. |b Fakulta financí a úvěru. | |
| 830 | 0 | |a Učební texty vysokých škol | |
| 910 | |a svkkk | ||
| 998 | |a BK | ||
| 090 | |g SCKHL |k Sklad Pribinova 3. posch. |a V.13344 |j 129548 |i 2720877417 |s Prezenčne | ||
| 090 | |g SCKHL |k Sklad Pribinova 3. posch. |a V.15278 |j 135593 |i B202958 |4 Duplikát |s Vyradená | ||